| 000 | 00838nas a2200253 4500 | ||
|---|---|---|---|
| 001 | BR2011001843 | ||
| 003 | BR-BrBNA | ||
| 005 | 20231205115325.0 | ||
| 007 | ta | ||
| 008 | 230509b bl.|||p| |||| 00| 00por d | ||
| 040 |
_aBR-BrBNA _bpor _cBiblioteca Nacional de Agricultura |
||
| 041 | _a(Pt) | ||
| 072 | _aE21 | ||
| 100 | 1 | _aShikida, P.F.A. | |
| 245 | 1 | _aDesenvolvimento socioeconômico e agroindustria canavieira no Paraná | |
| 650 | _aDESENVOLVIMENTO ECONÔMICO | ||
| 650 | _aCANA DE AÇÚCAR | ||
| 650 | _aINDÚSTRIA AGRÍCOLA | ||
| 650 | _aPARANÁ | ||
| 773 | 0 |
_tRevista de Política Agrícola (Brazil) _xISSN 1413-4969 _g(Jul-Sep 2010), v. 19(3) p. 67-82 _wBR2011001843 |
|
| 856 | 4 |
_uRev_Pol_Agr_v19_n3-2010.pdf#page=68-83 _yRecurso eletrônico (PDF) |
|
| 909 |
_a202311 _bLúcia _c55 _dLúcia Elande |
||
| 942 |
_2AGRIS _n0 _cANA |
||
| 999 |
_c213218 _d213218 |
||